Večerný zvon

Bibliographic Details
Main Author: Čobej, Alojz, 1935-2020 (Author)
Other Authors: Šimkovič, D. (gup)
Format: Article
Language:Slovak
PhysicalDescription:Fot. 1.
Subjects:

MARC

LEADER 00000nab a2200000 a 4500
001 vtls000164753
003 SK-MaSNL
005 20260302203018.0
008 111104c1983 xo 0 slo
015 |a SNBRB19rr/mm-uuuuu 
035 |a CL0174864 
040 |a SNKBUCL  |b slo  |c SNKBUCL  |e AACR2 
041 0 |a slo 
044 |a xo  |c SK 
080 |a 885.4-1  |2 1981 
080 |a 784.66  |2 1981 
100 1 |a Čobej, Alojz,  |d 1935-2020  |4 aut  |9 205070 
245 1 0 |a Večerný zvon  |c Alojz Čobej ; D. Šimkovič 
300 |b Fot. 1. 
500 |a Noty. 
650 0 7 |a populárne piesne  |2 snkbucl  |9 3446 
655 7 |a články z novín a časopisov  |2 snkbucl  |9 267496 
655 7 |a články z odboru literárna veda a krásna literatúra  |2 snkbucl  |9 770045 
700 1 |a Šimkovič, D.  |4 gup  |9 925548 
773 0 |t Rozhlas  |g Č. 46 (1983), s. /17/ 
850 |a Slovenská národná knižnica v Martine  |a MTA001 
852 |a SNK  |b KIS3GCP 
958 |a RK 
958 |a LX 
992 |a RBX 
999 |c 1467339  |d 1469269